Top 10 des Applications les plus téléchargées en France. - Statistiques

Statistiques générales
  • Ce quiz a été pris 160 fois
  • Le résultat moyen est 3 sur 10
Statistiques - réponses
Place Applications % Correct
9 Instagram
94%
3 Tiktok
83%
7 Whatsapp
66%
1 Chat GPT
19%
2 Temu
14%
5 Capcut
11%
6 Duolingo
5%
8 Doctolib
3%
4 Wero
3%
10 France identité
2%
Aucun quiz correspondant
Distribution des résultats
% des personnes avec chaque résultat
Percentile par nombre de réponses
Votre historique - résultats
Vous n’avez pas pris ce quiz